Movies Quiz

Random Movies or Actor Quiz
Score 0/20 Timer 05:00
2 Plays Today
% Correct
Night at the Museum
96.6%
Meet the Parents
95.8%
Madagascar
94.9%
Zoolander
92%
Dodgeball: A True Underdog Story
89.5%
Anchorman: The Legend of Ron Burgundy
86.5%
Tropic Thunder
83.6%
Tower Heist
82.9%
There's Something About Mary
81.7%
Starsky & Hutch
79.9%
% Correct
Along Came Polly
76.2%
Duplex
72.8%
Keeping the Faith
70.5%
Happy Gilmore
69.9%
Heavyweights
68.6%
Envy
66.9%
The Watch
60%
The Royal Tenenbaums
58.1%
The Heartbreak Kid
57.8%
Zero Effect
35.9%
Remove Ads.
Support Sporcle.
Get the best of Sporcle when you Go Orange. This ad-free experience offers more features, more stats, and more fun while also helping to support Sporcle. Thank you for becoming a member.

You're not logged in!

Compare scores with friends on all Sporcle quizzes.
OR
Log In

Show Comments

Extras

Top Quizzes Today


Score Distribution

Your Account Isn't Verified!

In order to create a playlist on Sporcle, you need to verify the email address you used during registration. Go to your Sporcle Settings to finish the process.

Report this User

Report this user for behavior that violates our Community Guidelines.

Details: